Historia, Geografía y Ciencias Sociales 1º Medio: guía didáctica del docente
Saved in:
| Main Authors: | , , , |
|---|---|
| Format: | Bog |
| Sprog: | spansk |
| Udgivet: |
Santiago
Santillana del Pacífico
2016
|
| Udgivelse: | 1a. ed |
| Fag: | |
| Tags: |
Tilføj Tag
Ingen Tags, Vær først til at tagge denne postø!
|
MARC
| LEADER | 00000cam a2200000 a 4500 | ||
|---|---|---|---|
| 001 | UCD9751 | ||
| 003 | CL-VaPUC | ||
| 008 | 170709e20160000cl |||||||||||||||||spa|d | ||
| 020 | |a 9789561530430o.c | ||
| 020 | |a 9789561530447t.1 | ||
| 020 | |a 9789561530454t.2 | ||
| 082 | 0 | 4 | |a 900.712 |b FER |2 21 |
| 100 | 0 | |a Fernández-Niño Morales, Carolina |e author |9 593378 | |
| 700 | 0 | |a Pastene Ortega, Sergio |e author |9 593379 | |
| 700 | 0 | |a Santelices Ariztía, Carolina |e author |9 593380 | |
| 700 | 0 | |a Quintana Susarte, Sebastián |e author |9 593381 | |
| 245 | 1 | 0 | |a Historia, Geografía y Ciencias Sociales 1º Medio: guía didáctica del docente |
| 250 | |a 1a. ed | ||
| 300 | |a t | ||
| 942 | |c BK | ||
| 945 | |d 20170709 17:01:00 |a dcastane | ||
| 260 | |a Santiago |b Santillana del Pacífico |c 2016 | ||
| 650 | 0 | |a Enseñanza de la historia |9 307330 | |
| 650 | 0 | |a Enseñanza de la geografía |9 310005 | |
| 650 | 0 | |a Enseñanza de las ciencias sociales |9 337823 | |
| 650 | 0 | |a Métodos de enseñanza |9 270413 | |
| 583 | |a last modification |c 20170709 17:01:00 |k Rodrigo Vera | ||
| 999 | |c 368770 |d 368768 | ||
| 952 | |0 0 |1 0 |3 erb |4 0 |6 900_712000000000000_FER_2016 |7 0 |8 A |9 484208 |a BIBEDU |b BIBEDU |h t.1 |i 5404835 |o 900.712 FER 2016 |p 5404835 |r 2019-11-24 |w 2019-11-24 |y BK |z Catalogado en:20170709 |k EPE | ||
| 952 | |0 0 |1 0 |3 erb |4 0 |6 900_712000000000000_FER_2016 |7 0 |8 A |9 484209 |a BIBEDU |b BIBEDU |h t.2 |i 5404827 |o 900.712 FER 2016 |p 5404827 |r 2019-11-24 |w 2019-11-24 |y BK |z Catalogado en:20170709 |k EPE | ||